000 00433nam a2200145 a 4500
005 20210219161746.0
008 130521s1993 mx r 000 0 spa d
035 _aUPN01000191144
049 _aUNE
080 4 _a92 (LARROYO) "1993" VIL
100 1 _aVillalpando Nava, José Manuel
245 1 3 _aLa obra pedagógica de Francisco Larroyo /
_cJosé Manuel Villalpando Nava.
260 _aMéxico :
_bCONALTE,
_c1993.
300 _a25 p.
999 _c163247
_d163247